00494cam a2200169 a 4500020001700000040000800017082002600025100002400051245007200075260003700147300002700184500002000211650001800231650002500249650002600274650002400300 a0070654352 : cDLC00a332 MCG 1992 A013 Or.1 aTuller, Lawrence W.14aThe McGraw-Hill handbook of global trade and investment financing / aNew York :bMcGraw-Hill,cc1992. axxiv, 535 p. ;c23 cm. aIncludes index. 0aExport credit 0aInvestments, Foreign 0aInternational finance 0aInternational trade